000 00426nam a2200181Ia 4500
001 10710
005 20260306161852.0
008 260306t1986||||xx |||||||||||||| ||spa||
041 _aESP
082 _a946.082
_bS88 T. 1
100 _aSueiro, Daniel
_eAUT
245 0 _aHistoria del franquismo (I)
260 _c1986
300 _a333 páginas :
_c20 cm.
650 _aGEN
654 _aCHU
942 _cLIB
_dJUS
_fJUS
_2ddc
_n
999 _c10710
_d10710